000 01483nam a2200349 i 4500
001 000022606
003 DO-SdBNP
005 20250205123507.0
007 ta
008 101014s1987 dr a 001 0 spa d
040 _aDO-SdBNP
_bspa
_cBNPHU
_erda
082 4 _a301
_bD542e
_222
100 1 _aDíaz Polanco, Héctor,
_d1944-
_eautor
_4aut.
_92421
245 1 0 _aEnsayos sobre teoría y metodología sociales /
_cHéctor Díaz Polanco.
264 1 _aSanto Domingo :
_bEditora Universitaria -UASD,
_c1987.
300 _a214 páginas :
_bilustraciones ;
_c21 cm.
336 _atexto
_btxt
_2rdacontent
337 _asin mediación
_bn
_2rdamedia
338 _avolumen
_bnc
_2rdacarrier
490 _aColección Publicaciones de la Universidad Autónoma de Santo Domingo
_v512
490 _aSerie Teoría y Método
_v2
500 _aIncluye referencias bibliográficas y notas al pie de páginas.
504 _aBibliografía : páginas 209-214.
590 _aInventariado, 2018/VM
650 4 _aSociología
_xMetodología
_xEnsayos, conferencias, etc.
_946521
650 4 _aEscuela marxista de sociología
_xEnsayos, conferencias, etc.
_946522
650 4 _aComunismo y sociedad
_xEnsayos, conferencias, etc.
_946523
650 4 _aSocialismo y sociedad
_xEnsayos, conferencias, etc.
_912388
830 0 _aColección Publicaciones de la Universidad Autónoma de Santo Domingo
_n512, 2
_946525
_pSerie Teoría y Método
910 _aValidado. Control de calidad EMS
942 _2ddc
_cLBS1
999 _c22103
_d22103